|
|
|
|
| LEADER |
01278nam a2200301 a 4500 |
| 001 |
4298306 |
| 008 |
100106s1987 nyu b 000 0 eng d |
| 010 |
|
|
|a 86031203
|
| 020 |
|
|
|a 1853830003
|
| 020 |
|
|
|a 0853457174 (pbk.)
|
| 020 |
|
|
|a 0853457182 (hard)
|
| 040 |
|
|
|a DLC
|c DLC
|d DLC
|
| 082 |
0 |
0 |
|a 305.4/2/091724
|2 19
|
| 100 |
1 |
|
|a Sen, Gita.
|
| 245 |
1 |
0 |
|a Development, crises, and alternative visions :
|b Third World women's perspectives /
|c Gita Sen and Caren Grown.
|
| 260 |
|
|
|a New York :
|b Monthly Review Press,
|c c1987.
|
| 300 |
|
|
|a 120 p. ;
|c 21 cm.
|
| 490 |
0 |
|
|a New feminist library
|
| 500 |
|
|
|a "Written by Gita Sen and Caren Grown for the project Development Alternatives with Women for a New Era (DAWN)."
|
| 504 |
|
|
|a Includes Bibliography (p. 107-116.)
|
| 541 |
1 |
|
|e 00004366
|
| 650 |
|
0 |
|a Women in development
|z Developing countries.
|
| 650 |
|
0 |
|a Women
|z Developing countries
|x Social conditions.
|
| 700 |
1 |
|
|a Grown, Caren.
|
| 710 |
2 |
|
|a Development Alternatives with Women for a New Era (Project)
|
| 852 |
4 |
|
|a Ayesha Abed Library
|j General shelf
|
| 999 |
|
|
|c 6763
|d 6763
|
| 952 |
|
|
|0 0
|1 0
|2 ddc
|4 0
|6 305_420917240000000_SEN_1987
|7 0
|9 6950
|a BRACUL
|b BRACUL
|c GEN
|d 2010-01-07
|g 0.00
|l 0
|o 305.42091724 SEN
|p 3010004366
|r 2010-01-07
|t 1
|w 2010-01-07
|y BK
|z Not price in Register
|